BSOP header

海德格爾與神學 Haidege'er yu shen xue (Record no. 34634)

MARC details
000 -LEADER
fixed length control field 01648nam a2200277 4500
008 - FIXED-LENGTH DATA ELEMENTS--GENERAL INFORMATION
fixed length control field 100906s1998 cc b 000 0 chi d
020 ## - INTERNATIONAL STANDARD BOOK NUMBER
International Standard Book Number 9628322060 :HK120.00/108.00/Php669.38
020 ## - INTERNATIONAL STANDARD BOOK NUMBER
International Standard Book Number 9789628322060
090 ## - LOCALLY ASSIGNED LC-TYPE CALL NUMBER (OCLC); LOCAL CALL NUMBER (OCLC)
Classification number (OCLC) (R) ; Classification number, CALL (RLIN) (NR) B3279.H49
Local cutter number (OCLC) ; Book number/undivided call number, CALL (RLIN) H36
-- 1998
100 1# - MAIN ENTRY--PERSONAL NAME
Personal name 海德格爾/奧特  Heidegger, Martin,
Dates associated with a name 1889-1976.
245 01 - TITLE STATEMENT
Title 海德格爾與神學 Haidege'er yu shen xue
246 10 - VARYING FORM OF TITLE
Title proper/short title Heidegger and theology /
-- 海德格爾/奧特  Haidege'er, Aote deng zhu ; 劉小楓 選編 Liu Xiaofeng xuan bian ; 孙周兴 譯 Sun Zhouxing deng yi.
246 1# - VARYING FORM OF TITLE
Display text Cover title also in English :
Title proper/short title Heidegger and theology
260 ## - PUBLICATION, DISTRIBUTION, ETC. (IMPRINT)
Place of publication, distribution, etc Xianggang :
Name of publisher, distributor, etc 道风书社/漢語基督教文化研究所Han yu jidu jiao wen hua yan jiu suo,
Date of publication, distribution, etc c1998.
300 ## - PHYSICAL DESCRIPTION
Extent xx, 347 p. ;
Dimensions 21 cm.
490 1# - SERIES STATEMENT
Series statement Li dai Jidu jiao si xiang xue shu wen ku. Xian dai xi lie =
-- Chinese academic library of Christian thought. Modern series ;
Volume number/sequential designation 211
500 ## - GENERAL NOTE
General note Translations of various articles/chapters including: Die onto-theologische verfassung der metaphysik, 1957 -- Phanomenologie und theology, 1970 -- Denken und sein, der weg Martin Heideggers und der weg der theology, 1959 -- Was heisst systematische theology, 1960 -- La reception de la pensee de Heidegger dans la theologie catholique / Emilio Brito, 1997.
500 ## - GENERAL NOTE
General note Yi zi De wen he Fa wen.
504 ## - BIBLIOGRAPHY, ETC. NOTE
Bibliography, etc Includes bibliographical references.
600 14 - SUBJECT ADDED ENTRY--PERSONAL NAME
Personal name Heidegger, Martin,
Dates associated with a name 1889-1976.
951 ## - EQUIVALENCE OR CROSS-REFERENCE-GEOGRAPHIC NAME/AREA NAME [OBSOLETE] [CAN/MARC only]
General subdivision 00041075
700 1# - ADDED ENTRY--PERSONAL NAME
Personal name Ott, Heinrich,
Dates associated with a name 1929-
700 1# - ADDED ENTRY--PERSONAL NAME
Personal name Liu, Xiaofeng,
Dates associated with a name 1956-
700 1# - ADDED ENTRY--PERSONAL NAME
Personal name Sun, Zhouxing.
951 ## - EQUIVALENCE OR CROSS-REFERENCE-GEOGRAPHIC NAME/AREA NAME [OBSOLETE] [CAN/MARC only]
-- C-9855
-- REF-CHB3279.H49/H36/1998
-- 100831124734609
-- 2000-12-21
-- Ref-CH
Holdings
Withdrawn status Lost status Damaged status Not for loan Home library Current library Shelving location Date acquired Accession number Shelving control number Total Checkouts Full call number Date last seen Price effective from Koha item type
        BSOP Library BSOP Library   12/21/2000 C-9855 127   REF-CHB3279.H49/H36/1998 02/23/2013 02/23/2013 Books
BSOP

Biblical Seminary of the Philippines
  All rights Reserved
  © 2024

CONTACT INFORMATION

Biblical Seminary of the Philippines,
  77-B Karuhatan Road, Valenzuela City,
  PHILIPPINES 1441
  Phone: +632 8292-6795 / 8292-6798
  Fax : +632 8292-6675
  Email: library@bsop.edu.ph